000 00472nam a2200181Ia 4500
008 131103s9999 xx 000 0 und d
040 _aLoreto College
041 _aEnglish
082 _aF/MAU
_bLCLIB/26599
100 _aMaugham,Robin
245 _aEscape from the Shadows
_cRobin Maugham
260 _aLondon
_bHodder & Stoughton
_c1972
300 _a278 p.
_c 23 cm.
504 _aIncludes index
650 _aFiction in English
850 _aLCLIB
942 _cBK
999 _c15990
_d66469